| 000 | 00454nam a22001577a 4500 | ||
|---|---|---|---|
| 999 |
_c41309 _d41309 |
||
| 003 | OSt | ||
| 005 | 20210428102542.0 | ||
| 008 | 210428b ||||| |||| 00| 0 eng d | ||
| 040 | _coclc | ||
| 082 |
_a894.812301 _bHAS/M |
||
| 100 |
_91841 _aHasan, Abdulla |
||
| 245 |
_aMuthumala/ _cAbdulla Hasan |
||
| 260 |
_aCalicut: _bPrathheksha Books, _c2009. |
||
| 300 | _a63 pages | ||
| 942 |
_2ddc _cBK _h894.812301 _iHAS/M _k894.812301 _mHAS/M |
||